La Grande Catherine (Record no. 189335)
[ view plain ]
| 000 -LEADER | |
|---|---|
| campo de control de longitud fija | 00759nam a2200193 i 4500 |
| 001 - NÚMERO DE CONTROL | |
| campo de control | 189335 |
| 003 - IDENTIFICADOR DE NÚMERO DE CONTROL | |
| campo de control | ES-MaACL |
| 005 - FECHA Y HORA DE LA ÚLTIMA TRANSACCIÓN | |
| campo de control | 20251114063129.0 |
| 008 - DATOS DE LONGITUD FIJA--INFORMACIÓN GENERAL | |
| campo de control de longitud fija | 190523s1935 fr cf |||| |bspa d |
| 080 ## - NÚMERO DE LA CLASIFICACIÓN DECIMAL UNIVERSAL | |
| Número de la Clasificación Decimal Universal | 929 Catalina (470) II |
| 100 1# - ENTRADA PRINCIPAL--NOMBRE DE PERSONA | |
| Nombre de persona | Murat, Marie de Rohan-Chabot, |
| Fechas asociadas al nombre | 1876-1951, |
| Títulos y otros términos asociados al nombre | princesse |
| 9 (RLIN) | 167112 |
| 245 13 - MENCIÓN DEL TÍTULO | |
| Título | La Grande Catherine |
| Resto del título | : impératrice de Russie / |
| Mención de responsabilidad, etc. | princesse Lucien Murat. |
| 260 ## - PUBLICACIÓN, DISTRIBUCIÓN, ETC. | |
| Lugar de publicación, distribución, etc. | Paris : |
| Nombre del editor, distribuidor, etc. | Flammarion, |
| Fecha de publicación, distribución, etc. | [1935] |
| 300 ## - DESCRIPCIÓN FÍSICA | |
| Extensión | 124 p., [4] h. de lám. ; |
| Dimensiones | 18 cm. |
| 599 ## - NOTA A LAS ILUSTRACIONES | |
| NOTA A LAS ILUSTRACIONES | Avec quatre planches hors-texte tirées en héliogravure. |
| 600 04 - PUNTO DE ACCESO ADICIONAL DE MATERIA--NOMBRE DE PERSONA | |
| Nombre de persona | Catalina |
| Numeración | II |
| Títulos y otros términos asociados al nombre | Emperatriz de Rusia. |
| 9 (RLIN) | 37041 |
| 852 ## - LOCALIZACIÓN | |
| Ubicación | ES-MaACL |
| Número de control de estantería | L-32340 |
| Nota libre | . - Donat. herederos de la bibl. de Mª del Pilar Costa Palacín |
| Estatus retirado | Estado de pérdida | Estado de daño | No para préstamo | Biblioteca de origen | Biblioteca actual | Ubicación en estantería | Fecha de adquisición | Fuente de adquisición | Total de préstamos | Signatura topográfica completa | Código de barras | Visto por última vez | Precio de reemplazo | Tipo de ítem Koha |
|---|---|---|---|---|---|---|---|---|---|---|---|---|---|---|
| Biblioteca del Ateneo de Madrid | Biblioteca del Ateneo de Madrid | Depósito 2 | 23/05/2019 | L-32340 | 1200602 | 23/02/2023 | 23/02/2023 | Libro impreso |
